Investigating neurological disease : epidemiology for clinical neurology
This concise but wide-ranging handbook reviews the epidemiology of neurological disease and the treatment and prognosis of all major diseases of the nervous system.
Zapisane w:
| Format: | Książka |
|---|---|
| Język: | Undetermined |
| Wydane: |
Cambridge
Cambridge University Press
2001
|
| Hasła przedmiotowe: | |
| Etykiety: |
Dodaj etykietę
Nie ma etykietki, Dołącz pierwszą etykiete!
|
| Thư viện lưu trữ: | Trung tâm Học liệu Trường Đại học Cần Thơ |
|---|
| LEADER | 00943nam a2200217Ia 4500 | ||
|---|---|---|---|
| 001 | CTU_169064 | ||
| 008 | 210402s9999 xx 000 0 und d | ||
| 020 | |c 115 | ||
| 082 | |a 616.8 | ||
| 082 | |b I.62 | ||
| 245 | 0 | |a Investigating neurological disease : | |
| 245 | 0 | |b epidemiology for clinical neurology | |
| 245 | 0 | |c edited by Albert Hofman and Richard Mayeux. | |
| 260 | |a Cambridge | ||
| 260 | |b Cambridge University Press | ||
| 260 | |c 2001 | ||
| 520 | |a This concise but wide-ranging handbook reviews the epidemiology of neurological disease and the treatment and prognosis of all major diseases of the nervous system. | ||
| 650 | |a Nervous system diseases,Neurology,Epidemiologic methods,Hệ thống bệnh thần kinh,Thần kinh học,Phương pháp dịch tễ học | ||
| 650 | |x Epidemiology,Dịch tễ học | ||
| 904 | |i Hồng Cẩm, Năm | ||
| 980 | |a Trung tâm Học liệu Trường Đại học Cần Thơ | ||